02828nam a2200361 i 4500003000900000005001700009007000300026008004100029020001800070040003100088041000800119082002600127100005500153245006500208250002000273264011400293300004400407336002700451337003300478338002800511490004800539490005100587500006300638500003500701504003100736520143300767590002702200650005602227910001402283942001402297952013802311999001702449DO-SdBNP20260516175342.0ta250721b2019 dr a || |||| 001 0 spa d a9789945434118 aDO-SdBNPbspacBNPHU erda aspa a614.1797293bM8272231 aMora García, Wilfredod1965-eautor4aut.93465213aEl arte del antropólogo forense /cWilfredo Mora García  a1era. edición aSanto Domingo, República Dominicana :bEditora 12 de Octubre : Sociedad Dominicana de Criminología,c2019 a116 páginas :bilustraciones ;c19 cm atextobtxt2rdacontent asin mediaciónbn2rdamedia avolumenbnc2rdacarrier aPensamiento criminológico dominicano ;v4 aInformes de Criminología y Ciencias Forenses aIncluye datos biografícos del autor en la contraportada. aIncluye índice analítico.  aBibliografía p: 105-107. aEl arte del antropólogo forense, fue escrito para exponer los diferentes problemas que definen el trabajo del antropólogo forense. Para que esto pueda entenderse fue necesario realizar un recorrido por la Antropología física y biológica, y sus conceptos centrales. Una característica de esta obra es que se concibió doblemente. Primero como estudio prolegómeno del tema forense; y, en segundo lugar, sería parte del material de tema de la tesis de grado para cerrar los estudios universitarios del autor. Luego, los demás asuntos que complementan este libro tienen que ver con los acontecimientos que se han producido en el país, que demandan la intervención de los antropólogos forenses de manera perentoria. El arte del antropólogo forense se definirá, pues, por sus perfiles de científico forense, en los casos donde interviene: debe ser neutral, objetivo, independiente, científico y apolítico. Wilfredo Mora García nos muestra una antropología forense larvaria, donde trata temas diversos como la identificación de restos óseos, los traumatismos y las enfermedades de los huesos, los cuales se explican a través de métodos clásicos como los registros arqueológicos, tafonomía y paleopatología, entre otros. Ahora que la Antropología forense tiene una oportunidad es necesario la creación de una Unidad Básica de Gestión de Antropología Forense en el INACIF. aInventariado, 2025/ YL aAntropologia forensezRepública Dominicana988399 aYLockward 2ddccLBS1 00102ddc51708PDaBNPHUbBNPHUcCTd2024-02-05eDonación l0oBNPHU PD 614.1797293 M827p2025-6818r2025-07-21w2025-07-21yLBS1 c59587d59587